000 02821nam0a2200421 4500
001 RU\NLR\BIBL_A\022237962
005 20240816163936.0
010 _a978-5-907494-55-8
_9500
021 _aRU
_bКН-П-24-022567
_9КН-П-24-2343
035 _a(NLR Aleph) 022237962
090 _a13151360
_c13151360
100 _a20240530d2023 u y0rusy50 ca
101 0 _arus
102 _aRU
105 _aа j 000yy
181 0 _ai
_baxxe
182 0 _an
200 1 _aКриминологическая характеристика насильственной преступности несовершеннолетних и молодежи
_eучебное пособие
_fНиколай Сергеевич Сорокун, Роман Аркадьевич Пестов, Елена Александровна Миллерова, Елена Анатольевна Мавренкова
_gРосжелдор, Федеральное государственное бюджетное образовательное учреждение высшего образования "Ростовский государственный университет путей сообщения" (ФГБОУ ВО РГУПС)
203 _aТекст
_bвизуальный
_cнепосредственный
210 _aРостов-на-Дону
_cРГУПС
_d2023
215 _a76 с.
_cил.
_d21
225 1 _aФГОС ВО
225 1 _aГарантии качества профессионального образования
300 _aНа 76-й с. авт.: доценты, кандидаты юрид. наук Н. С. Сорокун, Р. А. Пестов, Е. А. Миллерова, канд. психол. наук Е. А. Мавренкова
300 _aАвт. указаны на обороте тит. с.
320 _aБиблиогр.: с. 70-75 (66 назв.) и в подстроч. примеч.
606 1 _aНесовершеннолетние
_xНасильственные преступления
_xКриминологические исследования
_yРоссийская Федерация
_jУчебные издания
_2nlr_sh2
_3RU\NLR\AUTH\6601686041
686 1 _aХ628.111.313я7
701 1 _aСорокун
_bН. С.
_gНиколай Сергеевич
701 1 _aПестов
_bР. А.
_gРоман Аркадьевич
701 1 _aМиллерова
_bЕ. А.
_gЕлена Александровна
701 1 _aМавренкова
_bЕ. А.
_gЕлена Анатольевна
712 0 2 _aРостовский-на-Дону государственный университет путей сообщения
_3RU\NLR\AUTH\8810038987
_4475
942 _cBOOK
980 _aNB